[Event "MEX ol U16"]
[Site "Mexico City"]
[Date "2001.??.??"]
[Round "?"]
[White "Bucio Maureen, Lourdes"]
[Black "Santos Cabanas, Cecilia"]
[Result "1/2-1/2"]
[WhiteElo "1310"]
[BlackElo "1646"]
[PlyCount "47"]
[EventDate "2001.??.??"]
[EventType "swiss"]
[EventRounds "6"]
[EventCountry "MEX"]
[SourceTitle "EXT 2004"]
[Source "ChessBase"]
[SourceDate "2003.11.25"]
[SourceVersion "1"]
[SourceVersionDate "2003.11.25"]
[SourceQuality "1"]

1. e4 e5 2. Nf3 Nc6 3. d4 exd4 4. Nxd4 Nf6 5. Nxc6 bxc6 6. Bd3 Bc5 7. 0-0 0-0 8. e5 Nd5 9. Nd2 Nf4 10. Bxh7+ Kxh7 11. Nf3 Ne6 12. Ng5+ Nxg5 13. Qh5+ Kg8 14. Bxg5 Be7 15. Bxe7 Qxe7 16. Rfe1 Rb8 17. Re4 d5 18. Rh4 f5 19. exf6 Qxf6 20. Qh7+ Kf7 21. Qh5+ Kg8 22. Qh7+ Kf7 23. Qh5+ Kg8 24. Qh7+ 1/2-1/2